Four existentialist theologians; (Record no. 5597)
[ view plain ]
| 000 -LEADER | |
|---|---|
| fixed length control field | 00790cam a2200253I 4500 |
| 001 - CONTROL NUMBER | |
| control field | 231319 |
| 003 - CONTROL NUMBER IDENTIFIER | |
| control field | OSt |
| 005 - DATE AND TIME OF LATEST TRANSACTION | |
| control field | 20190329112722.0 |
| 008 - FIXED-LENGTH DATA ELEMENTS--GENERAL INFORMATION | |
| fixed length control field | 820902|1958||||||| 00| ||eng c |
| 010 ## - LIBRARY OF CONGRESS CONTROL NUMBER | |
| LC control number | 58007578 |
| 035 ## - SYSTEM CONTROL NUMBER | |
| System control number | 0032-50760 |
| 040 ## - CATALOGING SOURCE | |
| Transcribing agency | DLC |
| 050 0# - LIBRARY OF CONGRESS CALL NUMBER | |
| Classification number | BL51 |
| Item number | .H469 1958a |
| 082 ## - DEWEY DECIMAL CLASSIFICATION NUMBER | |
| Classification number | 201 |
| Item number | H535F |
| 100 1# - MAIN ENTRY--PERSONAL NAME | |
| Personal name | Herberg, Will |
| 245 10 - TITLE STATEMENT | |
| Title | Four existentialist theologians; |
| Remainder of title | a reader from the works of Jacques Maritain, Nicolas Berdyaev, Martin Buber, and Paul Tillich. |
| Statement of responsibility, etc. | Selected, and with an introd. and biographical notes, by Will Herberg |
| 250 ## - EDITION STATEMENT | |
| Edition statement | [1st ed.] |
| 260 ## - PUBLICATION, DISTRIBUTION, ETC. | |
| Place of publication, distribution, etc. | Garden City, N. Y., |
| Name of publisher, distributor, etc. | Doubleday, |
| Date of publication, distribution, etc. | 1958 |
| 300 ## - PHYSICAL DESCRIPTION | |
| Extent | 346 p. |
| Dimensions | 22 cm |
| 490 0# - SERIES STATEMENT | |
| Series statement | Doubleday anchor books |
| 650 #0 - SUBJECT ADDED ENTRY--TOPICAL TERM | |
| Topical term or geographic name entry element | Religion |
| General subdivision | Philosophy |
| 650 #0 - SUBJECT ADDED ENTRY--TOPICAL TERM | |
| Topical term or geographic name entry element | Existentialism |
| 942 ## - ADDED ENTRY ELEMENTS (KOHA) | |
| Source of classification or shelving scheme | Dewey Decimal Classification |
| Koha item type | Books |
| Withdrawn status | Lost status | Source of classification or shelving scheme | Damaged status | Not for loan | Collection code | Home library | Current library | Shelving location | Date acquired | Cost, normal purchase price | Total Checkouts | Full call number | Barcode | Date last seen | Price effective from | Koha item type |
|---|---|---|---|---|---|---|---|---|---|---|---|---|---|---|---|---|
| Dewey Decimal Classification | Non-fiction | Harvest Mission College | Harvest Mission College | General Stacks | 08.01.2019 | 380.00 | 201 H535F | 006331 | 08.01.2019 | 08.01.2019 | Books |
